Budúcnosť prinesie optimalizáciu obchodných plôch

Revitalizácia existujúcich projektov, zameranie developerov na menšie mestá či flexibilnejšie nájomné podmienky - to sú jedny zo smerov, ktorými sa bude uberať fungovanie nákupných centier na slovenskom trhu.

Enregistré dans:
Détails bibliographiques
Format: Chapitre de livre
Langue:slovaque
Sujets:
Tags: Ajouter un tag
Pas de tags, Soyez le premier à ajouter un tag!

MARC

LEADER 00000naa a2200000 4500
001 0198639
005 20231208070718.3
041 0 |a slo 
044 |a SK 
245 1 0 |a Budúcnosť prinesie optimalizáciu obchodných plôch 
520 |a Revitalizácia existujúcich projektov, zameranie developerov na menšie mestá či flexibilnejšie nájomné podmienky - to sú jedny zo smerov, ktorými sa bude uberať fungovanie nákupných centier na slovenskom trhu. 
610 2 0 |a obchod 
610 2 0 |a strediská nákupné 
610 2 0 |a Slovensko 
610 2 0 |a obrat obchodný 
610 2 0 |a obrat obchodu vnútorného